Vista normal
Vista MARC
Entrada Materia (corporativa)
Número de registros utilizados en: 1
001 - CONTROL NUMBER
- control field: 130669
003 - CONTROL NUMBER IDENTIFIER
- control field: Co-BoUCM
005 - DATE AND TIME OF LATEST TRANSACTION
- control field: 20211020105927.0
008 - FIXED-LENGTH DATA ELEMENTS
- fixed length control field: 211020|| aca||aabn | a|a d
040 ## - CATALOGING SOURCE
- Original cataloging agency: Co-BoUCM
- Transcribing agency: Co-BoUCM
110 ## - HEADING--CORPORATE NAME
- Corporate name or jurisdiction name as entry element: Universidad Colegio Mayor de Nuestra Señora del Rosario.
- Subordinate unit: Facultad de Ciencia Política y Gobierno y Relaciones Internacionales.
- Subordinate unit: Centro de Estudios Políticos e Internacionales. CEPI
670 ## - SOURCE DATA FOUND
- Source citation: Work cat.: (Co-BoUCM)46307: Acción política no-violenta, una opción para Colombia, 2005